Jesús, el Cristo

محفوظ في:
التفاصيل البيبلوغرافية
المؤلف الرئيسي: Kasper, Walter (autor)
التنسيق: كتاب
اللغة:الإسبانية
منشور في: Salamanca Sígueme 1982
الطبعة:4a. ed
سلاسل:Colección Verdad e Imagen, 45
الموضوعات:
الوسوم: إضافة وسم
لا توجد وسوم, كن أول من يضع وسما على هذه التسجيلة!

MARC

LEADER 00000nam a2200000 a 4500
001 UCL1762
003 CL-VaPUC
008 030926e19820000SP |||||||||||||||||spa|d
020 |a 8430104348 
082 0 4 |a 232  |b KAS  |2 21 
100 |a Kasper, Walter  |e autor  |9 597382 
245 1 0 |a Jesús, el Cristo 
250 |a 4a. ed 
300 |a 349 p 
942 |c BK 
945 |d 20030926 00:00:00  |a vberengu 
260 |a Salamanca  |b Sígueme  |c 1982 
600 0 |a Jesús  |9 313614 
650 0 |a Cristología   |9 315091 
583 |a last modification  |c 20030926 00:00:00  |k Rodrigo Vera 
490 0 |a Colección Verdad e Imagen, 45 
999 |c 305203  |d 305201 
952 |0 0  |1 2  |4 0  |6 232_000000000000000_KAS_1982  |7 0  |8 A  |9 368308  |a BIBTEO  |b BIBTEO  |d 2019-11-21  |i 2078163  |o 232 KAS 1982  |p 2078163  |r 2019-11-21  |w 2019-11-21  |y BK  |k ICR